[Event "Clare Benedict Cup 22nd"]
[Site "Copenhagen"]
[Date "1977.??.??"]
[Round "2.3"]
[White "Calvo Minguez, Ricardo"]
[Black "Ogaard, Leif"]
[Result "0-1"]
[WhiteElo "2420"]
[BlackElo "2420"]
[PlyCount "146"]
[EventDate "1977.02.13"]
[EventType "team-tourn"]
[EventRounds "7"]
[EventCountry "DEN"]
[SourceTitle "EXT 2002"]
[Source "ChessBase"]
[SourceDate "2001.11.25"]
[SourceVersion "1"]
[SourceVersionDate "2001.11.25"]
[SourceQuality "1"]
[WhiteTeam "Spanien"]
[BlackTeam "Norge"]
[WhiteTeamCountry "ESP"]
[BlackTeamCountry "NOR"]

1. c4 Nf6 2. Nc3 e5 3. g3 Bb4 4. Bg2 O-O 5. Nf3 Re8 6. O-O c6 7. d4 e4 8. Ne1
Bxc3 9. bxc3 d6 10. Nc2 Qa5 11. Bd2 Nbd7 12. Ne3 Nb6 13. d5 Qc5 14. Qb3 cxd5
15. cxd5 Nfxd5 16. c4 Nxe3 17. Bxe3 Qc6 18. Rfc1 Be6 19. Qc2 f5 20. c5 dxc5 21.
Qxc5 Nc4 22. Qxc6 bxc6 23. Bf4 Rac8 24. g4 g6 25. gxf5 gxf5 26. Rc3 Nb6 27.
Rg3+ Kf7 28. Ra3 Re7 29. f3 exf3 30. Bxf3 Bd5 31. Bh5+ Ke6 32. Kf2 Be4 33. Rg1
Nd5 34. Bg5 Rg7 35. Rgg3 Rcg8 36. Bh6 Rxg3 37. hxg3 Ra8 38. Bd2 a6 39. Bf3 c5
40. g4 Bxf3 41. gxf5+ Kxf5 42. Kxf3 Ke5 43. Ra5 Kd4 44. e3+ Kc4 45. e4 Nb4 46.
Be3 Nd3 47. Ke2 h5 48. Ra3 Nb4 49. Ra5 Nd3 50. Ra3 Ne5 51. Ra5 Nd7 52. e5 Re8
53. Rxa6 Nxe5 54. Ra5 Nd7 55. Ra4+ Kc3 56. Ra3+ Kb4 57. Rb3+ Kc4 58. Rb1 Re5
59. Rc1+ Kb5 60. Kd3 Rd5+ 61. Kc2 Ne5 62. Rb1+ Kc4 63. Rh1 Nf3 64. Rh3 Rf5 65.
Kb2 Nd4 66. Bxd4 cxd4 67. a4 Rf2+ 68. Kc1 h4 69. a5 d3 70. a6 Kc3 71. Kb1 Rb2+
72. Kc1 Ra2 73. Kb1 Rxa6 0-1

[Event "Clare Benedict Cup 22nd"]
[Site "Copenhagen"]
[Date "1977.??.??"]
[Round "2.3"]
[White "De Lange, Daan"]
[Black "Martin Gonzalez, Angel"]
[Result "0-1"]
[WhiteElo "2275"]
[BlackElo "2340"]
[PlyCount "106"]
[EventDate "1977.02.13"]
[EventType "team-tourn"]
[EventRounds "7"]
[EventCountry "DEN"]
[SourceTitle "EXT 2002"]
[Source "ChessBase"]
[SourceDate "2001.11.25"]
[SourceVersion "1"]
[SourceVersionDate "2001.11.25"]
[SourceQuality "1"]
[WhiteTeam "Norge"]
[BlackTeam "Spanien"]
[WhiteTeamCountry "NOR"]
[BlackTeamCountry "ESP"]

1. d4 Nf6 2. c4 c5 3. Nf3 cxd4 4. Nxd4 b6 5. Nc3 Bb7 6. Bg5 a6 7. e3 e6 8. a3
d6 9. Nf3 Be7 10. Be2 h6 11. Bxf6 gxf6 12. Nd4 Nc6 13. Bf3 Qd7 14. Qa4 b5 15.
cxb5 Nxd4 16. Bxb7 Qxb7 17. bxa6+ Qc6 18. Qxd4 Qxa6 19. Ne4 Qa5+ 20. b4 Qe5 21.
Qxe5 fxe5 22. Ke2 Kd7 23. Rhc1 f5 24. Nd2 e4 25. Nc4 Rhb8 26. Rab1 Bf6 27. Rd1
d5 28. Na5 Bd8 29. Nc4 Ke8 30. Na5 Bxa5 31. bxa5 Rxb1 32. Rxb1 Rxa5 33. Rb3 Kd7
34. f4 Kc6 35. Kd2 Ra4 36. Rc3+ Kb5 37. h3 h5 38. g3 Ra7 39. Rb3+ Kc5 40. Rc3+
Kd6 41. Rb3 Rg7 42. Rb6+ Kc5 43. Rxe6 Rxg3 44. Re5 Rxh3 45. Rxf5 Rh2+ 46. Ke1
h4 47. Rh5 Kc4 48. f5 Kd3 49. f6 Kxe3 50. Rf5 h3 51. f7 Ra2 52. Kd1 h2 53. Rh5
Rf2 0-1

[Event "Clare Benedict Cup 22nd"]
[Site "Copenhagen"]
[Date "1977.??.??"]
[Round "2.3"]
[White "Hoen, Ragnar Harald"]
[Black "Pomar Salamanca, Arturo"]
[Result "1/2-1/2"]
[WhiteElo "2380"]
[BlackElo "2435"]
[PlyCount "60"]
[EventDate "1977.02.13"]
[EventType "team-tourn"]
[EventRounds "7"]
[EventCountry "DEN"]
[SourceTitle "EXT 2002"]
[Source "ChessBase"]
[SourceDate "2001.11.25"]
[SourceVersion "1"]
[SourceVersionDate "2001.11.25"]
[SourceQuality "1"]
[WhiteTeam "Norge"]
[BlackTeam "Spanien"]
[WhiteTeamCountry "NOR"]
[BlackTeamCountry "ESP"]

1. e4 c6 2. d4 d5 3. Nc3 dxe4 4. Nxe4 Bf5 5. Ng3 Bg6 6. Nf3 Nd7 7. h4 h6 8. h5
Bh7 9. Bd3 Bxd3 10. Qxd3 Qc7 11. Bd2 Ngf6 12. Qe2 e6 13. O-O-O O-O-O 14. Ne5
Nb6 15. c4 Rxd4 16. Ba5 c5 17. Rxd4 cxd4 18. Kb1 Bc5 19. b4 Bd6 20. c5 Bxe5 21.
cxb6 axb6 22. Rc1 Qxc1+ 23. Kxc1 Bf4+ 24. Kb1 bxa5 25. Qc4+ Bc7 26. Qxd4 Rd8
27. Qc5 Rd1+ 28. Kb2 Rd2+ 29. Kb3 Rd3+ 30. Kb2 Rd2+ 1/2-1/2

[Event "Clare Benedict Cup 22nd"]
[Site "Copenhagen"]
[Date "1977.??.??"]
[Round "2.3"]
[White "Sanz Alonso, Francisco Javier"]
[Black "Helmers, Knut Jaran"]
[Result "1/2-1/2"]
[WhiteElo "2350"]
[BlackElo "2305"]
[PlyCount "58"]
[EventDate "1977.02.13"]
[EventType "team-tourn"]
[EventRounds "7"]
[EventCountry "DEN"]
[SourceTitle "EXT 2002"]
[Source "ChessBase"]
[SourceDate "2001.11.25"]
[SourceVersion "1"]
[SourceVersionDate "2001.11.25"]
[SourceQuality "1"]
[WhiteTeam "Spanien"]
[BlackTeam "Norge"]
[WhiteTeamCountry "ESP"]
[BlackTeamCountry "NOR"]

1. c4 Nf6 2. g3 e6 3. Bg2 d5 4. Nf3 Be7 5. d4 O-O 6. O-O Nbd7 7. Qc2 c6 8. Rd1
b6 9. cxd5 cxd5 10. Qc6 Ba6 11. Nc3 Qc8 12. Qa4 b5 13. Nxb5 Qc6 14. Nc3 Qxa4
15. Nxa4 Bxe2 16. Re1 Bd3 17. Bf4 Rfc8 18. Rec1 Ne4 19. Bf1 Bxf1 20. Kxf1 Kf8
21. Ne1 Nb6 22. Nxb6 axb6 23. Nd3 Ke8 24. Rxc8+ Rxc8 25. Rc1 Rxc1+ 26. Nxc1 Kd7
27. Ke2 f6 28. Nd3 g5 29. Be3 Nd6 1/2-1/2

[Event "Clare Benedict Cup 22nd"]
[Site "Copenhagen"]
[Date "1977.??.??"]
[Round "2.2"]
[White "Eising, Johannes"]
[Black "Wahlbom, Magnus"]
[Result "1/2-1/2"]
[WhiteElo "2390"]
[BlackElo "2375"]
[PlyCount "115"]
[EventDate "1977.02.13"]
[EventType "team-tourn"]
[EventRounds "7"]
[EventCountry "DEN"]
[SourceTitle "EXT 2002"]
[Source "ChessBase"]
[SourceDate "2001.11.25"]
[SourceVersion "1"]
[SourceVersionDate "2001.11.25"]
[SourceQuality "1"]
[WhiteTeam "Vesttyskland"]
[BlackTeam "Sverige"]
[WhiteTeamCountry "GER"]
[BlackTeamCountry "SWE"]

1. g3 Nf6 2. Bg2 e5 3. Nf3 d6 4. c4 g6 5. Nc3 Bg7 6. d4 Nbd7 7. O-O O-O 8. b3
Re8 9. Ba3 e4 10. Ng5 e3 11. f4 h6 12. Nf3 Nf8 13. Rc1 Ng4 14. Qe1 g5 15. Nd1
gxf4 16. h3 Nf6 17. gxf4 Nh5 18. Rc3 Nxf4 19. Rxe3 Rxe3 20. Nxe3 Nxh3+ 21. Kh2
Nf4 22. Bc1 N8g6 23. Nd5 Nxg2 24. Kxg2 Bg4 25. Rh1 c6 26. Nf4 Bxf3+ 27. exf3
Qg5+ 28. Qg3 Qxg3+ 29. Kxg3 Bxd4 30. Nxg6 fxg6 31. Rxh6 Kg7 32. Rh4 Bf6 33.
Bh6+ Kg8 34. Rg4 Kh7 35. Bg5 Bxg5 36. Rxg5 Kg7 37. Rg4 Re8 38. Rd4 Rd8 39. b4
Kf6 40. Rf4+ Kg7 41. b5 Re8 42. bxc6 bxc6 43. Rd4 Re6 44. Rd3 Kf6 45. Ra3 Re7
46. Ra6 Rc7 47. Kf4 Ke6 48. Ke4 g5 49. f4 gxf4 50. Kxf4 d5 51. Ke3 Ke5 52. cxd5
cxd5 53. Kd3 Rh7 54. Ra4 Kd6 55. Ra6+ Kc5 56. Ra5+ Kc6 57. Kd4 Rh4+ 58. Kd3
1/2-1/2

[Event "Clare Benedict Cup 22nd"]
[Site "Copenhagen"]
[Date "1977.??.??"]
[Round "2.2"]
[White "Jansson, Borje"]
[Black "Borngaesser, Rene"]
[Result "0-1"]
[WhiteElo "2380"]
[BlackElo "2365"]
[PlyCount "76"]
[EventDate "1977.02.13"]
[EventType "team-tourn"]
[EventRounds "7"]
[EventCountry "DEN"]
[SourceTitle "EXT 2002"]
[Source "ChessBase"]
[SourceDate "2001.11.25"]
[SourceVersion "1"]
[SourceVersionDate "2001.11.25"]
[SourceQuality "1"]
[WhiteTeam "Sverige"]
[BlackTeam "Vesttyskland"]
[WhiteTeamCountry "SWE"]
[BlackTeamCountry "GER"]

1. d4 f5 2. g3 Nf6 3. Bg2 g6 4. Nc3 d5 5. Bg5 c6 6. Bxf6 exf6 7. Qd2 Nd7 8. Nh3
Nb6 9. b3 Bd7 10. O-O Nc8 11. Na4 Nd6 12. Rac1 Kf7 13. c4 Ne4 14. Qd3 Bh6 15.
e3 Re8 16. Nc3 Qa5 17. Rc2 Re7 18. Rfc1 Rae8 19. Bf1 Nxf2 20. Nxf2 Bxe3 21.
cxd5 cxd5 22. Rd1 f4 23. b4 Qd8 24. Rb2 fxg3 25. hxg3 Qc7 26. Ne2 a6 27. Qb3
Kg7 28. Kg2 Bb5 29. Nd3 Bc4 30. Qc3 Re4 31. Nef4 g5 32. Nxd5 Qc6 33. Nxe3 Rxe3+
34. Kh2 Qf3 35. Rg2 Qxd1 36. Qxc4 Qxf1 37. Rf2 Re2 38. Qc7+ Kh6 0-1

[Event "Clare Benedict Cup 22nd"]
[Site "Copenhagen"]
[Date "1977.??.??"]
[Round "3.1"]
[White "Hamann, Svend"]
[Black "Wittmann, Walter"]
[Result "1/2-1/2"]
[WhiteElo "2465"]
[BlackElo "2340"]
[PlyCount "28"]
[EventDate "1977.02.13"]
[EventType "team-tourn"]
[EventRounds "7"]
[EventCountry "DEN"]
[SourceTitle "EXT 2002"]
[Source "ChessBase"]
[SourceDate "2001.11.25"]
[SourceVersion "1"]
[SourceVersionDate "2001.11.25"]
[SourceQuality "1"]
[WhiteTeam "Danmark"]
[BlackTeam "strig"]
[WhiteTeamCountry "DEN"]
[BlackTeamCountry "AUT"]

1. d4 Nf6 2. c4 g6 3. Nc3 d5 4. Nf3 Bg7 5. Bf4 O-O 6. Rc1 dxc4 7. e4 Bg4 8.
Bxc4 Bxf3 9. gxf3 Nbd7 10. Ne2 c6 11. Qb3 Nb6 12. Bd3 Qd7 13. Be3 Rad8 14. Rd1
Nh5 1/2-1/2

[Event "Clare Benedict Cup 22nd"]
[Site "Copenhagen"]
[Date "1977.??.??"]
[Round "3.1"]
[White "Sloth, Jorn"]
[Black "Roth, Peter"]
[Result "1/2-1/2"]
[WhiteElo "2395"]
[BlackElo "2290"]
[PlyCount "38"]
[EventDate "1977.02.13"]
[EventType "team-tourn"]
[EventRounds "7"]
[EventCountry "DEN"]
[SourceTitle "EXT 2002"]
[Source "ChessBase"]
[SourceDate "2001.11.25"]
[SourceVersion "1"]
[SourceVersionDate "2001.11.25"]
[SourceQuality "1"]
[WhiteTeam "Danmark"]
[BlackTeam "strig"]
[WhiteTeamCountry "DEN"]
[BlackTeamCountry "AUT"]

1. Nf3 d6 2. d4 Bg4 3. c4 c6 4. Nc3 Bxf3 5. gxf3 e6 6. d5 exd5 7. cxd5 Ne7 8.
e4 Ng6 9. f4 Nd7 10. Be3 Nb6 11. a4 Be7 12. a5 Nc8 13. Qa4 O-O 14. dxc6 bxc6
15. Qxc6 Rb8 16. Ba6 Bh4 17. O-O Nce7 18. Qc4 Rxb2 19. Ra2 Qd7 1/2-1/2

[Event "Clare Benedict Cup 22nd"]
[Site "Copenhagen"]
[Date "1977.??.??"]
[Round "3.1"]
[White "Stoppel, Franz"]
[Black "Rath, Ulrik"]
[Result "1/2-1/2"]
[WhiteElo "2335"]
[BlackElo "2420"]
[PlyCount "92"]
[EventDate "1977.02.13"]
[EventType "team-tourn"]
[EventRounds "7"]
[EventCountry "DEN"]
[SourceTitle "EXT 2002"]
[Source "ChessBase"]
[SourceDate "2001.11.25"]
[SourceVersion "1"]
[SourceVersionDate "2001.11.25"]
[SourceQuality "1"]
[WhiteTeam "strig"]
[BlackTeam "Danmark"]
[WhiteTeamCountry "AUT"]
[BlackTeamCountry "DEN"]

1. c4 Nf6 2. d4 g6 3. Nc3 d5 4. Bg5 Ne4 5. Bh4 c5 6. e3 Bg7 7. Nf3 Nxc3 8. bxc3
cxd4 9. cxd4 Nc6 10. Be2 dxc4 11. Bxc4 O-O 12. O-O b6 13. Qe2 Bb7 14. Rac1 Rc8
15. Bb5 Qd6 16. Qb2 Na5 17. Bg3 Qd5 18. Bc7 Nc6 19. Bg3 Na5 20. Bc7 Bc6 21.
Bxc6 Nxc6 22. Bg3 Na5 23. Nd2 e6 24. h3 Rfe8 25. Rc2 Rxc2 26. Qxc2 Qc6 27. Qxc6
Nxc6 28. Nc4 Nb4 29. Rc1 Nd5 30. Nd6 Ra8 31. e4 Nf6 32. Be5 Ne8 33. Rc8 Rxc8
34. Nxc8 Bxe5 35. dxe5 Kf8 36. Nxa7 Nc7 37. a4 Ke8 38. Nc8 Na8 39. Nd6+ Ke7 40.
Nb5 Kd7 41. Nd4 Nc7 42. Kf1 Na6 43. Nb3 Kc6 44. a5 Nc5 45. Nd4+ Kb7 46. axb6
Nxe4 1/2-1/2

[Event "Clare Benedict Cup 22nd"]
[Site "Copenhagen"]
[Date "1977.??.??"]
[Round "3.4"]
[White "Borngaesser, Rene"]
[Black "Webb, Simon"]
[Result "0-1"]
[WhiteElo "2365"]
[BlackElo "2430"]
[PlyCount "80"]
[EventDate "1977.02.13"]
[EventType "team-tourn"]
[EventRounds "7"]
[EventCountry "DEN"]
[SourceTitle "EXT 2002"]
[Source "ChessBase"]
[SourceDate "2001.11.25"]
[SourceVersion "1"]
[SourceVersionDate "2001.11.25"]
[SourceQuality "1"]
[WhiteTeam "Vesttyskland"]
[BlackTeam "England"]
[WhiteTeamCountry "GER"]
[BlackTeamCountry "ENG"]

1. e4 e5 2. Nf3 Nc6 3. Bc4 Bc5 4. Nc3 Nf6 5. d3 d6 6. Bg5 h6 7. Bxf6 Qxf6 8.
Nd5 Qd8 9. c3 Ne7 10. d4 Nxd5 11. Bxd5 exd4 12. Nxd4 O-O 13. O-O Qf6 14. Bb3
Be6 15. Bc2 Bc4 16. Re1 Rfe8 17. Qd2 Bxd4 18. cxd4 c5 19. b3 Bb5 20. Rad1 Rac8
21. Bb1 b6 22. g3 a5 23. f4 cxd4 24. Qxd4 Qxd4+ 25. Rxd4 Rc6 26. Red1 f5 27.
exf5 Re2 28. Be4 Rc3 29. Bd5+ Kf8 30. R4d2 Rc2 31. Rxc2 Rxc2 32. a4 Be2 33. Rd4
Ke7 34. b4 Bg4 35. Be4 Ra2 36. bxa5 bxa5 37. Rc4 Kf6 38. Rc8 Rxa4 39. Re8 Kf7
40. Rd8 Rxe4 0-1

[Event "Clare Benedict Cup 22nd"]
[Site "Copenhagen"]
[Date "1977.??.??"]
[Round "3.4"]
[White "Hartston, William Roland"]
[Black "Eising, Johannes"]
[Result "1/2-1/2"]
[WhiteElo "2475"]
[BlackElo "2390"]
[PlyCount "58"]
[EventDate "1977.02.13"]
[EventType "team-tourn"]
[EventRounds "7"]
[EventCountry "DEN"]
[SourceTitle "EXT 2002"]
[Source "ChessBase"]
[SourceDate "2001.11.25"]
[SourceVersion "1"]
[SourceVersionDate "2001.11.25"]
[SourceQuality "1"]
[WhiteTeam "England"]
[BlackTeam "Vesttyskland"]
[WhiteTeamCountry "ENG"]
[BlackTeamCountry "GER"]

1. d4 f5 2. Nf3 Nf6 3. g3 d6 4. c4 c6 5. Nc3 g6 6. Bg2 Bg7 7. O-O O-O 8. d5 Kh8
9. Rb1 cxd5 10. cxd5 Nbd7 11. b3 Nc5 12. Bb2 Bd7 13. Nd4 Qe8 14. e3 Qf7 15.
Nde2 a5 16. a3 Kg8 17. b4 axb4 18. axb4 Nce4 19. Qd3 Nxc3 20. Nxc3 Rac8 21.
Rfc1 Ne4 22. f4 Nxc3 23. Bxc3 Bxc3 24. Rxc3 Rxc3 25. Qxc3 Rc8 26. Qd2 Qf8 27.
Rc1 Rxc1+ 28. Qxc1 Qd8 29. h3 Qc8 1/2-1/2

[Event "Clare Benedict Cup 22nd"]
[Site "Copenhagen"]
[Date "1977.??.??"]
[Round "3.4"]
[White "Lehmann, Heinz"]
[Black "Keene, Raymond"]
[Result "0-1"]
[WhiteElo "2465"]
[BlackElo "2510"]
[PlyCount "70"]
[EventDate "1977.02.13"]
[EventType "team-tourn"]
[EventRounds "7"]
[EventCountry "DEN"]
[SourceTitle "EXT 2002"]
[Source "ChessBase"]
[SourceDate "2001.11.25"]
[SourceVersion "1"]
[SourceVersionDate "2001.11.25"]
[SourceQuality "1"]
[WhiteTeam "Vesttyskland"]
[BlackTeam "England"]
[WhiteTeamCountry "GER"]
[BlackTeamCountry "ENG"]

1. Nf3 b6 2. d4 Bb7 3. e3 e6 4. Bd3 Nf6 5. O-O Be7 6. c4 O-O 7. b3 c5 8. Bb2
cxd4 9. exd4 d5 10. Nbd2 Nc6 11. Qe2 Re8 12. Rac1 Bf8 13. Bb1 g6 14. Ne5 dxc4
15. Nxc6 Bxc6 16. bxc4 Bg7 17. Nf3 Nh5 18. g3 Bxf3 19. Qxf3 Bxd4 20. Rcd1 Qf6
21. Qxa8 Rxa8 22. Rxd4 Rd8 23. Rfd1 Rxd4 24. Rxd4 Qe7 25. Be4 Nf6 26. Bc2 Qb4
27. Bb3 Qe1+ 28. Kg2 e5 29. Rd1 Qe2 30. Bc1 Ng4 31. Rf1 Nxh2 32. Rd1 Ng4 33.
Rf1 h5 34. Kg1 Kg7 35. Bd1 Qxa2 0-1

[Event "Clare Benedict Cup 22nd"]
[Site "Copenhagen"]
[Date "1977.??.??"]
[Round "3.4"]
[White "Rumens, David E"]
[Black "Clemens, Christian"]
[Result "1-0"]
[WhiteElo "2270"]
[BlackElo "2350"]
[PlyCount "79"]
[EventDate "1977.02.13"]
[EventType "team-tourn"]
[EventRounds "7"]
[EventCountry "DEN"]
[SourceTitle "EXT 2002"]
[Source "ChessBase"]
[SourceDate "2001.11.25"]
[SourceVersion "1"]
[SourceVersionDate "2001.11.25"]
[SourceQuality "1"]
[WhiteTeam "England"]
[BlackTeam "Vesttyskland"]
[WhiteTeamCountry "ENG"]
[BlackTeamCountry "GER"]

1. e4 c5 2. Nc3 e6 3. g3 d5 4. Bg2 d4 5. Nce2 Nc6 6. d3 g6 7. f4 Bg7 8. Nf3
Nge7 9. O-O O-O 10. h3 Bd7 11. g4 f5 12. gxf5 exf5 13. e5 Be6 14. c3 dxc3 15.
bxc3 Qd7 16. Be3 b6 17. Qd2 Rad8 18. Rad1 Bh6 19. Bf2 Bd5 20. Bh4 Rfe8 21. Qb2
Na5 22. c4 Bb7 23. Qc1 Qc7 24. Nc3 a6 25. Rf2 Nac6 26. Nd5 Rxd5 27. cxd5 Nxd5
28. Bg5 Bg7 29. d4 Na5 30. dxc5 bxc5 31. Rfd2 Nb4 32. Rd8 Rf8 33. Rxf8+ Bxf8
34. Rd8 Qc6 35. Ne1 Qe6 36. Bxb7 Nxb7 37. Bh6 Qb6 38. Qc4+ Kh8 39. Qf7 c4+ 40.
Kf1 1-0

[Event "Clare Benedict Cup 22nd"]
[Site "Copenhagen"]
[Date "1977.??.??"]
[Round "3.2"]
[White "Helmers, Knut Jaran"]
[Black "Jansson, Borje"]
[Result "1/2-1/2"]
[WhiteElo "2305"]
[BlackElo "2380"]
[PlyCount "55"]
[EventDate "1977.02.13"]
[EventType "team-tourn"]
[EventRounds "7"]
[EventCountry "DEN"]
[SourceTitle "EXT 2002"]
[Source "ChessBase"]
[SourceDate "2001.11.25"]
[SourceVersion "1"]
[SourceVersionDate "2001.11.25"]
[SourceQuality "1"]
[WhiteTeam "Norge"]
[BlackTeam "Sverige"]
[WhiteTeamCountry "NOR"]
[BlackTeamCountry "SWE"]

1. d4 Nf6 2. c4 e6 3. Nc3 Bb4 4. e3 b6 5. Bd3 Bb7 6. Nf3 O-O 7. O-O c5 8. Na4
cxd4 9. a3 Be7 10. exd4 d6 11. Re1 Nbd7 12. b4 a6 13. Bb2 Re8 14. Rc1 Rc8 15.
Nc3 Bf8 16. Bf1 Rc7 17. Nb1 Qa8 18. Nbd2 g6 19. Qb3 Bh6 20. Rcd1 Rcc8 21. Qa2
Bg7 22. Qa1 Nh5 23. h3 Nf4 24. Re3 Bh6 25. Rde1 Nh5 26. R3e2 Nf4 27. Re3 Nh5
28. R3e2 1/2-1/2

[Event "Clare Benedict Cup 22nd"]
[Site "Copenhagen"]
[Date "1977.??.??"]
[Round "3.2"]
[White "Ogaard, Leif"]
[Black "Andersson, Ulf"]
[Result "1/2-1/2"]
[WhiteElo "2420"]
[BlackElo "2565"]
[PlyCount "39"]
[EventDate "1977.02.13"]
[EventType "team-tourn"]
[EventRounds "7"]
[EventCountry "DEN"]
[SourceTitle "EXT 2002"]
[Source "ChessBase"]
[SourceDate "2001.11.25"]
[SourceVersion "1"]
[SourceVersionDate "2001.11.25"]
[SourceQuality "1"]
[WhiteTeam "Norge"]
[BlackTeam "Sverige"]
[WhiteTeamCountry "NOR"]
[BlackTeamCountry "SWE"]

1. d4 Nf6 2. c4 g6 3. Nc3 Bg7 4. e4 d6 5. Be2 O-O 6. Nf3 c5 7. O-O Re8 8. dxc5
dxc5 9. Be3 Nfd7 10. Qc2 Nc6 11. Rfd1 Qc7 12. a3 b6 13. Rab1 Nde5 14. b4 Nxf3+
15. Bxf3 Ne5 16. Be2 Ng4 17. Bxg4 Bxg4 18. f3 Bxc3 19. Qxc3 cxb4 20. axb4
1/2-1/2

[Event "Clare Benedict Cup 22nd"]
[Site "Copenhagen"]
[Date "1977.??.??"]
[Round "3.2"]
[White "Schussler, Harry"]
[Black "De Lange, Daan"]
[Result "1-0"]
[WhiteElo "2360"]
[BlackElo "2275"]
[PlyCount "123"]
[EventDate "1977.02.13"]
[EventType "team-tourn"]
[EventRounds "7"]
[EventCountry "DEN"]
[SourceTitle "EXT 2002"]
[Source "ChessBase"]
[SourceDate "2001.11.25"]
[SourceVersion "1"]
[SourceVersionDate "2001.11.25"]
[SourceQuality "1"]
[WhiteTeam "Sverige"]
[BlackTeam "Norge"]
[WhiteTeamCountry "SWE"]
[BlackTeamCountry "NOR"]

1. e4 e5 2. Nf3 Nc6 3. Bb5 a6 4. Ba4 Nf6 5. O-O Be7 6. Bxc6 dxc6 7. d3 Nd7 8.
Nbd2 O-O 9. Nc4 f6 10. Nh4 Nc5 11. Qf3 Be6 12. Nf5 Kh8 13. Nce3 Qe8 14. Qg3
Bxf5 15. Nxf5 Ne6 16. Be3 Bd6 17. Rad1 Rd8 18. Qg4 c5 19. h4 h5 20. Qe2 g6 21.
Ng3 Nf4 22. Qf3 Qf7 23. b3 c6 24. c3 Qc7 25. Ne2 Nxe2+ 26. Qxe2 Kg7 27. g3 Qc8
28. Kg2 Qe6 29. Bc1 Rh8 30. Qe3 b5 31. Ba3 Qe7 32. Rde1 Rhe8 33. Bc1 Rh8 34.
Bb2 Qe6 35. Ba3 b4 36. Bb2 a5 37. Rc1 Be7 38. cxb4 axb4 39. f4 exf4 40. Rxf4
Ra8 41. Qf2 Rhf8 42. Rb1 Kh7 43. Ba1 Ra7 44. Rc1 Bd6 45. Rf3 Be7 46. Rc2 Rd7
47. Qf1 Rdd8 48. Rcf2 Kg7 49. Kh2 Ra8 50. Rf4 Rad8 51. Kh1 Ra8 52. Qg2 Rad8 53.
R2f3 Kh7 54. g4 hxg4 55. Rxg4 f5 56. exf5 Rxf5 57. Re4 Qf7 58. h5 Bf6 59. hxg6+
Qxg6 60. Rxf5 Qxf5 61. Rh4+ Bxh4 62. Qg7# 1-0

[Event "Clare Benedict Cup 22nd"]
[Site "Copenhagen"]
[Date "1977.??.??"]
[Round "3.2"]
[White "Wahlbom, Magnus"]
[Black "Hoen, Ragnar Harald"]
[Result "1/2-1/2"]
[WhiteElo "2375"]
[BlackElo "2380"]
[PlyCount "88"]
[EventDate "1977.02.13"]
[EventType "team-tourn"]
[EventRounds "7"]
[EventCountry "DEN"]
[SourceTitle "EXT 2002"]
[Source "ChessBase"]
[SourceDate "2001.11.25"]
[SourceVersion "1"]
[SourceVersionDate "2001.11.25"]
[SourceQuality "1"]
[WhiteTeam "Sverige"]
[BlackTeam "Norge"]
[WhiteTeamCountry "SWE"]
[BlackTeamCountry "NOR"]

1. e4 e5 2. Nf3 Nc6 3. Bc4 d6 4. d4 exd4 5. Nxd4 Nf6 6. Nc3 Be7 7. O-O O-O 8.
Bf4 Nd7 9. Nd5 Nb6 10. Nxc6 bxc6 11. Nxe7+ Qxe7 12. Bd3 c5 13. c3 f6 14. Re1 a5
15. Bg3 Qf7 16. f4 Be6 17. b3 Rfe8 18. Bc2 Rad8 19. a4 f5 20. Bh4 Rb8 21. e5
Nd5 22. Qd2 c4 23. bxc4 Nb6 24. exd6 Nxc4 25. Qd4 Nxd6 26. Rab1 Rxb1 27. Rxb1
Ne4 28. Rb5 c5 29. Qe3 Bc4 30. Rb1 Qd5 31. Rd1 Qc6 32. Rd8 Kf7 33. Rxe8 Kxe8
34. h3 g6 35. Bf2 Kf7 36. Bxe4 fxe4 37. Qxc5 Qxc5 38. Bxc5 Bb3 39. Bb6 Bxa4 40.
Bxa5 Bb5 41. Kf2 Ke6 42. Bc7 Kd5 43. g4 Bd7 44. Ke3 h5 1/2-1/2

[Event "Clare Benedict Cup 22nd"]
[Site "Copenhagen"]
[Date "1977.??.??"]
[Round "3.3"]
[White "Bichsel, Walter"]
[Black "Sanz Alonso, Francisco Javier"]
[Result "1/2-1/2"]
[WhiteElo "2265"]
[BlackElo "2350"]
[PlyCount "61"]
[EventDate "1977.02.13"]
[EventType "team-tourn"]
[EventRounds "7"]
[EventCountry "DEN"]
[SourceTitle "EXT 2002"]
[Source "ChessBase"]
[SourceDate "2001.11.25"]
[SourceVersion "1"]
[SourceVersionDate "2001.11.25"]
[SourceQuality "1"]
[WhiteTeam "Schweiz"]
[BlackTeam "Spanien"]
[WhiteTeamCountry "SUI"]
[BlackTeamCountry "ESP"]

1. e4 e5 2. Nf3 Nc6 3. Bb5 g6 4. d4 exd4 5. O-O Bg7 6. Bg5 Nge7 7. e5 a6 8.
Bxc6 dxc6 9. Bxe7 Qxe7 10. Qxd4 Bf5 11. c3 Rd8 12. Qf4 O-O 13. Nbd2 Rfe8 14.
Rfe1 Kh8 15. Nf1 c5 16. Ng3 Bd3 17. h3 c4 18. Re3 Rd5 19. Rae1 Rf8 20. Nd4 Ra5
21. a3 Rd5 22. h4 c5 23. Nf3 b5 24. h5 h6 25. Ne4 g5 26. Qg4 Qe6 27. Qxe6 fxe6
28. Nf6 Rdd8 29. Ne4 Rd5 30. Nf6 Rdd8 31. Ne4 1/2-1/2

[Event "Clare Benedict Cup 22nd"]
[Site "Copenhagen"]
[Date "1977.??.??"]
[Round "3.3"]
[White "Martin Gonzalez, Angel"]
[Black "Ammann, Philipp"]
[Result "1/2-1/2"]
[WhiteElo "2340"]
[BlackElo "2230"]
[PlyCount "96"]
[EventDate "1977.02.13"]
[EventType "team-tourn"]
[EventRounds "7"]
[EventCountry "DEN"]
[SourceTitle "EXT 2002"]
[Source "ChessBase"]
[SourceDate "2001.11.25"]
[SourceVersion "1"]
[SourceVersionDate "2001.11.25"]
[SourceQuality "1"]
[WhiteTeam "Spanien"]
[BlackTeam "Schweiz"]
[WhiteTeamCountry "ESP"]
[BlackTeamCountry "SUI"]

1. e4 c5 2. Nf3 Nc6 3. d4 cxd4 4. Nxd4 Nf6 5. Nc3 e5 6. Ndb5 d6 7. Bg5 a6 8.
Na3 b5 9. Bxf6 gxf6 10. Nd5 f5 11. Bd3 Be6 12. Qh5 Bg7 13. c3 O-O 14. exf5 Bxd5
15. f6 e4 16. fxg7 Re8 17. Be2 Re5 18. Qh6 Rg5 19. Nc2 Ne5 20. Ne3 Bc4 21. Bxc4
bxc4 22. O-O d5 23. b3 Rg6 24. Qh3 Qd6 25. Kh1 Rh6 26. Qg3 Rg6 27. Qf4 Rf6 28.
Qg5 Rg6 29. Qh4 Rh6 30. Nf5 Rxh4 31. Nxd6 Rf4 32. bxc4 Rf6 33. Nb7 Nxc4 34. Nc5
Rc8 35. Nb3 Ne5 36. Rac1 Nd3 37. Rc2 Rfc6 38. Nd4 Rxc3 39. Rxc3 Rxc3 40. Nf5
Nxf2+ 41. Kg1 Nd3 42. h4 h5 43. g4 e3 44. Rb1 Rc8 45. Ne7+ Kxg7 46. Nxc8 e2 47.
gxh5 e1=Q+ 48. Rxe1 Nxe1 1/2-1/2